Statistics for Anagrams 2-10

Click here to take the quiz!

General Stats

  • This quiz has been taken 21 times
  • The average score is 5 of 10

Answer Stats

anagramAnswer% Correct
onno
100%
battab
100%
routtour
100%
yobbobooby
82%
silversliver
76%
escarolescasserole
18%
ringtonenitrogen
12%
observeobverse
12%
carpetpreact
12%
percussionsupersonic
12%

Score Distribution

Percentile by Number Answered

Percent of People with Each Score

Your Score History

You have not taken this quiz